Normal view
MARC view
- Sherwood, Morgan
Entry Personal Name
001 - CONTROL NUMBER
- control field: 133591
003 - CONTROL NUMBER IDENTIFIER
- control field: NUST
005 - DATE AND TIME OF LATEST TRANSACTION
- control field: 20260306101409.0
008 - FIXED-LENGTH DATA ELEMENTS
- fixed length control field: 260306|| aca||aabn | a|a d
040 ## - CATALOGING SOURCE
- Original cataloging agency: NUST
- Transcribing agency: NUST
100 ## - HEADING--PERSONAL NAME
- Personal name: Sherwood, Morgan
670 ## - SOURCE DATA FOUND
- Source citation: Work cat.: (NUST): Sherwood, Morgan., Alaska And Its History /, 1967.
